000 00690nam a22002417a 4500
001 119982
003 UA-OsUOA
005 20210125104719.0
007 ta
008 20161202b un ||||| |||| 00| 0 ukr d
040 _aUA-OsUOA
_bukr
_cUA-OsUOA
_dUA-OsUOA
041 _aukr
080 _a821.161.2
090 _a821.161.2
_bУ45
100 _aУкраїнка Л.
245 _aПоезії, поеми , легенди
260 _aК.
_bХудожня література
_c1951
300 _a543 С.
650 7 _a82 Література. Літературознавство
_2UDC
942 _cBK
_2udc
955 _a3
999 _c406068
_d406068